000 00500nam a2200169Ia 4500
005 20250424120310.0
008 250424s9999 xx 000 0 und d
022 _a20064667
050 _aHD 70.N43.N54/
245 0 _aNigeria academy of management journal
260 _aBenin, Nigeria
260 _bMindex press Ltd.
260 _c2014
300 _aiii, 60 p. : ill. ; 30 cm.
650 _a Industrial management--Nigeria--Periodicals. Entrepreneurship--Nigeria--Periodicals.
942 _cSR
999 _c38517
_d38517